000 00464nam a22001697a 4500
005 20251108175657.0
008 250721s2001 xx 000 0 ara d
082 1 4 _a812/غنا
100 1 _aغنام، غنام
245 1 0 _aكأنك يا بو زيد /
264 1 _aعمان :
_bامانة عمان،
_c2001.
300 _a227ص.
650 1 7 _aالمسرحيات العربية
650 1 7 _aالادب العربي
942 _2ddc
_cBK
999 _c139753
_d139753